LEADER 01091nam 2200373 450 001 9910138253503321 005 20221023183155.0 010 $a953-51-6505-4 035 $a(CKB)3230000000075729 035 $a(NjHacI)993230000000075729 035 $a(EXLCZ)993230000000075729 100 $a20221023d2011 uy 0 101 0 $aeng 135 $aur||||||||||| 181 $ctxt$2rdacontent 182 $cc$2rdamedia 183 $acr$2rdacarrier 200 00$aCardiac Defibrillation $eMechanisms, Challenges and Implications /$fedited by Natalia Trayanova 210 1$aRijeka :$cInTech,$d2011. 210 4$d©2011 215 $a1 online resource (xi, 262 pages) $cillustrations 311 $a953-307-666-6 320 $aIncludes bibliographical references. 517 $aCardiac Defibrillation 606 $aDefibrillators 615 0$aDefibrillators. 676 $a616.12061 702 $aTrayanova$b Natalia 801 0$bNjHacI 801 1$bNjHacl 906 $aBOOK 912 $a9910138253503321 996 $aCardiac Defibrillation$92297047 997 $aUNINA LEADER 04216oam 2200637 c 450 001 996308806903316 005 20231110233010.0 010 $a3-8394-0350-2 024 7 $a10.14361/9783839403501 035 $a(CKB)3710000000482629 035 $a(OAPEN)1007487 035 $a(DE-B1597)461363 035 $a(OCoLC)1013956032 035 $a(OCoLC)953522628 035 $a(DE-B1597)9783839403501 035 $a(MiAaPQ)EBC5494166 035 $a(Au-PeEL)EBL5494166 035 $a(OCoLC)1049911807 035 $a(transcript Verlag)9783839403501 035 $a(MiAaPQ)EBC6955658 035 $a(Au-PeEL)EBL6955658 035 $a(oapen)https://directory.doabooks.org/handle/20.500.12854/33828 035 $a(EXLCZ)993710000000482629 100 $a20220221d2015 uy 0 101 0 $ager 135 $auuuuu---auuuu 181 $ctxt$2rdacontent 182 $cc$2rdamedia 183 $acr$2rdacarrier 200 00$aReligio?ser Pluralismus$eEmpirische Studien und analytische Perspektiven$fMartin Baumann, Samuel M. Behloul 205 $a1st ed. 210 $aBielefeld$ctranscript Verlag$d2015 215 $a1 online resource (260) 225 0 $aKultur und soziale Praxis 311 $a3-89942-350-X 327 $aFrontmatter 1 Inhalt 5 Einleitung: Zur Aktualita?t von Religion und religio?sem Pluralismus 7 Die Lokalisierung des religio?sen Pluralismus: Bildet Kanada den Modellfall? 19 Researching Local and National Pluralism: Britain's New Religious Landscape 45 Religio?ser Pluralismus im mongolischen Weltreich: Die Religionspolitik der Mongolenherrscher 69 Institutionen christlicher Migranten in Deutschland. Eine Sekunda?ranalyse am Beispiel von Frankfurt am Main 93 Religionspluralita?t in Deutschland - Religio?se Differenz und kulturelle ?Kompatibilita?t? asiatischer Zuwanderer 123 Religionspluralismus: europa?ischer ?Normal-? oder ?Notfall?? Muslimische Migranten in der Schweiz und die Einbettung in den o?ffentlichen Raum 145 Die o?ffentlich-rechtliche Anerkennung weiterer Religionsgemeinschaften - ein Instrument gesellschaftlicher Integration? 171 Wie wirkt Pluralita?t auf individuelle Religiosita?t? Eine Konfrontation von Wissenssoziologie und Rational Choice 197 Religion und soziale Ordnung - wie viel Multikulturalita?t braucht die Gesellschaft? 223 Religion - eine unentbehrliche Form der Kultur? Sieben Thesen 241 Autorinnen und Autoren 255 Backmatter 260 330 $aInterdisziplina?r konzipiert, zeigt dieses Buch in historischer und gegenwartsbezogener Perspektive die Komplexita?t und den Facettenreichtum des religio?sen Pluralismus auf, der unsere gesellschaftliche Wirklichkeit zunehmend bestimmt. Die hier dokumentierten religionswissenschaftlichen, soziologischen, rechtlichen und philosophischen Zuga?nge sind dabei behilflich, sich mit Religion und ihrer weltweit wachsenden gesellschaftlichen Relevanz auseinander zu setzen. Die Beitra?ge zeigen, wie der Herausforderung des Religionspluralismus im europa?ischen und außereuropa?ischen Raum begegnet wird und welche große Bandbreite an Themen hierbei zu Tage tritt. 330 1 $a»Die anregenden Beitra?ge dokumentieren eine gelungene Tagung.« Josef Salmen, Anthropos, 103, 1 (2008) Besprochen in: Zeitschrift fu?r Religionswissenschaft, 2 (2006), Oliver Kru?ger 410 0$aKultur und Soziale Praxis 606 $aReligion; Migration; Religionspluralismus; Diaspora; Recht; Religionswissenschaft; Interkulturalita?t; Law; Religious Studies; Interculturalism; 610 $aInterculturalism. 610 $aLaw. 610 $aMigration. 610 $aReligious Studies. 615 4$aReligion; Migration; Religionspluralismus; Diaspora; Recht; Religionswissenschaft; Interkulturalita?t; Law; Religious Studies; Interculturalism; 676 $a201.5 686 $aMS 6550$2rvk 700 $aBaumann$b Martin$4edt$0234335 702 $aBaumann$b Martin$4edt 702 $aBehloul$b Samuel M$4edt 801 0$bDE-B1597 801 1$bDE-B1597 906 $aBOOK 912 $a996308806903316 996 $aReligio?ser Pluralismus$93586025 997 $aUNISA